[Event "Asian Club Champions League"]
[Site "Hikkaduwa"]
[Date "2017.08.03"]
[Round "2.3"]
[White "Jones, Lee"]
[Black "Alahakoon, Isuru"]
[Result "0-1"]
[WhiteElo "2061"]
[BlackElo "2059"]
[PlyCount "117"]
[EventDate "2017.08.02"]
[EventType "swiss"]
[EventRounds "5"]
[EventCountry "SRI"]
[SourceTitle "EXT 2024"]
[Source "ChessBase"]
[SourceDate "2023.10.10"]
[SourceVersion "1"]
[SourceVersionDate "2023.10.10"]
[SourceQuality "1"]
[WhiteTeam "Sydney"]
[BlackTeam "Sri Lanka"]
[WhiteTeamCountry "AUS"]
[BlackTeamCountry "SRI"]

1. d4 d5 2. c4 e6 3. Nc3 Nf6 4. Bg5 Be7 5. e3 0-0 6. Nf3 Nbd7 7. Bd3 h6 8. Bf4 a6 9. 0-0 dxc4 10. Bxc4 b5 11. Bb3 Bb7 12. Qe2 c5 13. Rad1 Qb6 14. Bc2 cxd4 15. exd4 Nd5 16. Nxd5 Bxd5 17. Ne5 Nf6 18. Ng4 Bc4 19. Nxf6+ Bxf6 20. Qe4 Rfd8 21. Be3 g6 22. Rfe1 Bd5 23. Qg4 Qc7 24. Bb1 h5 25. Qh3 Rac8 26. Rc1 Qb6 27. Rcd1 Qd6 28. Qg3 Qf8 29. h3 Qg7 30. Rd2 Rc4 31. Red1 Rdc8 32. Kh2 R4c6 33. h4 Rd8 34. Bf4 Rc4 35. b3 Rxd4 36. Rxd4 Bxd4 37. Bg5 Rc8 38. Bf4 Rc3 39. Rd3 Rxd3 40. Bxd3 e5 41. Bd2 Qf6 42. f3 Qb6 43. Qg5 Qe6 44. Qd8+ Kh7 45. Bg5 e4 46. fxe4 Qe5+ 47. g3 Bxe4 48. Bf4 Qd5 49. Qxd5 Bxd5 50. a4 Bxb3 51. axb5 axb5 52. Bxb5 Kg7 53. Be2 Kf6 54. g4 hxg4 55. Bxg4 Be5 56. Bxe5+ Kxe5 57. Kg3 Kd6 58. Kf4 f6 59. h5 0-1

[Event "Asia Cities-ch 17th"]
[Site "Jakarta"]
[Date "2011.04.27"]
[Round "7.4"]
[White "Tirto"]
[Black "Jones, Lee"]
[Result "1-0"]
[WhiteElo "2337"]
[BlackElo "2109"]
[PlyCount "69"]
[EventDate "2011.04.22"]
[EventType "team-swiss"]
[EventRounds "9"]
[EventCountry "INA"]
[SourceTitle "CBM 142 Extra"]
[Source "ChessBase"]
[SourceDate "2011.06.27"]
[SourceVersion "1"]
[SourceVersionDate "2011.06.27"]
[SourceQuality "1"]
[WhiteTeam "Palembang"]
[BlackTeam "Sydney"]
[WhiteTeamCountry "INA"]
[BlackTeamCountry "AUS"]

1. d4 Nf6 2. Nf3 e6 3. c3 b6 4. Bg5 d5 5. e3 Be7 6. Nbd2 Bb7 7. Ne5 Nfd7 8. Bxe7 Qxe7 9. f4 Nxe5 10. fxe5 Qg5 11. Qf3 f6 12. h4 Qh6 13. Qg3 f5 14. Bd3 Nd7 15. 0-0-0 0-0-0 16. Rde1 Rhg8 17. Nf3 Qh5 18. Ng5 Nf8 19. Nh3 Qe8 20. Nf4 Kb8 21. Qf3 g6 22. g4 c6 23. Reg1 Qf7 24. Rg2 Bc8 25. Rhg1 Nd7 26. Qg3 fxg4 27. Qxg4 Nf8 28. Qg5 Rd7 29. Nh5 Rc7 30. Rf1 Qe7 31. Nf6 Rh8 32. Qh6 Qg7 33. Qf4 Qe7 34. h5 gxh5 35. Ng8 1-0

[Event "Asia Cities-ch 17th"]
[Site "Jakarta"]
[Date "2011.04.23"]
[Round "2.5"]
[White "Jones, Lee"]
[Black "Megaranto, Susanto"]
[Result "0-1"]
[WhiteElo "2109"]
[BlackElo "2533"]
[PlyCount "72"]
[EventDate "2011.04.22"]
[EventType "team-swiss"]
[EventRounds "9"]
[EventCountry "INA"]
[SourceTitle "CBM 142 Extra"]
[Source "ChessBase"]
[SourceDate "2011.06.27"]
[SourceVersion "1"]
[SourceVersionDate "2011.06.27"]
[SourceQuality "1"]
[WhiteTeam "Sydney"]
[BlackTeam "Jakarta"]
[WhiteTeamCountry "AUS"]
[BlackTeamCountry "INA"]

1. d4 d6 2. c4 e5 3. d5 f5 4. Nc3 Nf6 5. g3 g6 6. Bg2 Bg7 7. Nf3 a5 8. 0-0 0-0 9. b3 Na6 10. Bb2 Bd7 11. a3 Qe7 12. Qc2 Nh5 13. Nd2 Rae8 14. Rae1 e4 15. Nd1 Nc5 16. Bxg7 Qxg7 17. b4 axb4 18. axb4 Na6 19. Qb3 Qd4 20. Nb1 Qb6 21. b5 Nc5 22. Qc3 f4 23. Nd2 e3 24. fxe3 fxg3 25. hxg3 Nxg3 26. Rf3 Nf5 27. Ref1 Qa7 28. Kh1 Qa8 29. Rh3 Qd8 30. Rf4 Ng7 31. Rhf3 Rxf4 32. Rxf4 Nh5 33. Rf2 Ng3+ 34. Kg1 Bg4 35. Bf3 Qg5 36. Bxg4 Qxg4 0-1

[Event "Begonia op 45th"]
[Site "Ballarat"]
[Date "2011.03.12"]
[Round "7"]
[White "Jones, Lee"]
[Black "Teichmann, Erik Oskar Michael"]
[Result "0-1"]
[WhiteElo "1979"]
[BlackElo "2367"]
[PlyCount "69"]
[EventDate "2011.03.12"]
[EventType "swiss"]
[EventRounds "7"]
[EventCountry "AUS"]
[SourceTitle "EXT 2013"]
[Source "ChessBase"]
[SourceDate "2012.11.22"]
[SourceVersion "1"]
[SourceVersionDate "2012.11.22"]
[SourceQuality "1"]

1. d4 f5 2. Nc3 d5 3. h4 e6 4. Bg5 Nf6 5. e3 Nbd7 6. Nh3 Bb4 7. a3 Ba5 8. b4 Bb6 9. Nf4 Qe7 10. Bd3 a5 11. Rb1 axb4 12. axb4 c6 13. h5 0-0 14. Qf3 Bc7 15. Qh3 Re8 16. Nce2 Qf7 17. f3 e5 18. dxe5 Nxe5 19. Bxf5 Bxf5 20. Qxf5 Nc4 21. Bxf6 Nxe3 22. Qg5 Qxf6 23. Qxf6 gxf6 24. Kd2 Ra2 25. Rhc1 Nc4+ 26. Kd1 Be5 27. Rb3 Bc7 28. g4 Bb6 29. Ng2 Re7 30. b5 Ba5 31. Rcb1 Rxc2 32. Nef4 Rd2+ 33. Kc1 Bc7 34. bxc6 Bxf4 35. cxb7 0-1

[Event "Begonia op 44th"]
[Site "Ballarat"]
[Date "2010.03.07"]
[Round "3"]
[White "Solomon, Stephen J"]
[Black "Jones, Lee"]
[Result "1-0"]
[WhiteElo "2371"]
[BlackElo "1898"]
[PlyCount "97"]
[EventDate "2010.03.06"]
[EventType "swiss"]
[EventRounds "7"]
[EventCountry "AUS"]
[SourceTitle "CBM 135 Extra"]
[Source "ChessBase"]
[SourceDate "2010.05.04"]
[SourceVersion "1"]
[SourceVersionDate "2010.05.04"]
[SourceQuality "1"]

1. e4 c6 2. d4 d5 3. Nd2 dxe4 4. Nxe4 Bf5 5. Ng3 Bg6 6. Nf3 Nd7 7. h4 h6 8. h5 Bh7 9. Bd3 Bxd3 10. Qxd3 e6 11. Bf4 Qa5+ 12. Bd2 Qc7 13. 0-0-0 0-0-0 14. c4 Ngf6 15. Ne4 c5 16. d5 Nxe4 17. Qxe4 Nf6 18. Qc2 exd5 19. Qf5+ Qd7 20. Qxd7+ Rxd7 21. cxd5 Rxd5 22. Bc3 Rxd1+ 23. Rxd1 Be7 24. Re1 Bd8 25. Ne5 Rf8 26. g4 Nd5 27. Nc4 Nxc3 28. bxc3 Bg5+ 29. Kc2 Rd8 30. a4 Kc7 31. Re4 Rd7 32. f4 Re7 33. Kd3 Rxe4 34. Kxe4 Bf6 35. Ne3 Kd6 36. c4 Ke6 37. Nd5 Bd8 38. g5 hxg5 39. f5+ Kd7 40. f6 Ke6 41. fxg7 f5+ 42. Kf3 Kf7 43. h6 f4 44. Kg4 Kg8 45. Kf5 Kf7 46. Nc3 a6 47. Ne4 Be7 48. Nf2 b5 49. Ng4 1-0

[Event "Kuala Lumpur op 2nd"]
[Site "Kuala Lumpur"]
[Date "2005.08.26"]
[Round "11"]
[White "Srivachirawat, Kannapon"]
[Black "Jones, Lee"]
[Result "1-0"]
[WhiteElo "2186"]
[BlackElo "2189"]
[PlyCount "57"]
[EventDate "2005.08.20"]
[EventType "swiss"]
[EventRounds "11"]
[EventCountry "MAS"]
[SourceTitle "CBM 108 Extra"]
[Source "ChessBase"]
[SourceDate "2005.11.04"]
[SourceVersion "1"]
[SourceVersionDate "2005.11.04"]
[SourceQuality "1"]

1. Nf3 Nf6 2. g3 d5 3. d4 e6 4. Bg2 Be7 5. c4 dxc4 6. Ne5 0-0 7. 0-0 Nbd7 8. Nxc4 c5 9. dxc5 Bxc5 10. Nc3 a6 11. a3 Qe7 12. b4 Ba7 13. Qd6 Re8 14. Rd1 Ng4 15. Qxe7 Rxe7 16. e3 Rb8 17. Bb2 Ngf6 18. Rac1 Nf8 19. Ne2 Bd7 20. Be5 Ba4 21. Bxb8 Bxd1 22. Bxa7 Bxe2 23. Ne5 b5 24. Bd4 Nd5 25. Bxd5 exd5 26. Rc8 h6 27. f3 f6 28. Ng6 Rf7 29. Bc5 1-0

[Event "Kuala Lumpur op 2nd"]
[Site "Kuala Lumpur"]
[Date "2005.08.25"]
[Round "10"]
[White "Jones, Lee"]
[Black "Lomibao, Joy Sherrie"]
[Result "1-0"]
[WhiteElo "2189"]
[BlackElo "2126"]
[PlyCount "87"]
[EventDate "2005.08.20"]
[EventType "swiss"]
[EventRounds "11"]
[EventCountry "MAS"]
[SourceTitle "CBM 108 Extra"]
[Source "ChessBase"]
[SourceDate "2005.11.04"]
[SourceVersion "1"]
[SourceVersionDate "2005.11.04"]
[SourceQuality "1"]

1. c4 e5 2. g3 g6 3. Bg2 Bg7 4. Nc3 Nc6 5. Nf3 d6 6. 0-0 Be6 7. d3 h6 8. Rb1 Qd7 9. Re1 f5 10. Nd5 g5 11. b4 Nd8 12. b5 c6 13. bxc6 bxc6 14. Ne3 f4 15. Nc2 Ne7 16. Bb2 0-0 17. Na1 Nf7 18. Nb3 h5 19. Na5 Bh3 20. Ba3 Rab8 21. Qa4 h4 22. c5 Bxg2 23. Kxg2 d5 24. Rb4 e4 25. dxe4 Bc3 26. Rxb8 Rxb8 27. Rd1 h3+ 28. Kg1 Bxa5 29. Qxa5 g4 30. Ne1 fxg3 31. hxg3 Ng5 32. Nc2 Nxe4 33. Qb4 Rf8 34. Qxe4 h2+ 35. Kh1 Rxf2 36. Qe3 Rf7 37. Bb2 Rf1+ 38. Kxh2 Nf5 39. Qg5+ Kh7 40. Qh5+ Nh6 41. Bc1 Rf6 42. Ne1 Qe6 43. Be3 Kg8 44. Rb1 1-0

[Event "Kuala Lumpur op 2nd"]
[Site "Kuala Lumpur"]
[Date "2005.08.22"]
[Round "5"]
[White "Ahmad, Iftikke"]
[Black "Jones, Lee"]
[Result "1-0"]
[WhiteElo "2250"]
[BlackElo "2189"]
[PlyCount "130"]
[EventDate "2005.08.20"]
[EventType "swiss"]
[EventRounds "11"]
[EventCountry "MAS"]
[SourceTitle "CBM 108 Extra"]
[Source "ChessBase"]
[SourceDate "2005.11.04"]
[SourceVersion "1"]
[SourceVersionDate "2005.11.04"]
[SourceQuality "1"]

1. d4 Nf6 2. Nf3 e6 3. Bf4 c5 4. e3 b6 5. Be2 Bb7 6. 0-0 Be7 7. h3 0-0 8. Nbd2 Nc6 9. c3 Rc8 10. Qa4 a6 11. Qd1 Na5 12. Bd3 cxd4 13. exd4 b5 14. a3 Nd5 15. Bh2 f5 16. Re1 Nb6 17. Ne5 Qe8 18. Qe2 Rf6 19. Bxb5 Ra8 20. b4 Nc6 21. Bxc6 Bxc6 22. Nxc6 dxc6 23. Qf3 Qd7 24. Re2 a5 25. Ree1 Bd6 26. Bxd6 Qxd6 27. Nb3 axb4 28. axb4 Rff8 29. Rxa8 Rxa8 30. Nc5 Re8 31. g3 g6 32. Nd3 Nd5 33. Ne5 Rc8 34. Nc4 Qd7 35. Na5 Kg7 36. Re5 h5 37. Nb3 Qd6 38. Nc5 Re8 39. h4 Kf7 40. Qd3 Re7 41. Qd2 Kg7 42. Re1 Nf6 43. Qe2 Kf7 44. Nd3 Ne4 45. Ne5+ Kg7 46. Qc4 Rc7 47. Ra1 Nd2 48. Qd3 Ne4 49. Ra6 Qd5 50. c4 Qd6 51. Rb6 Rc8 52. Kg2 Nf6 53. Qe3 Nd7 54. Rb7 Rc7 55. Rxc7 Qxc7 56. Nxd7 Qxd7 57. Qe5+ Kf7 58. Kh2 Qa7 59. b5 Qa2 60. Kg2 Qxc4 61. b6 Qb3 62. Qc7+ Kf6 63. b7 Qd3 64. Kg1 Qxd4 65. b8Q Qd1+ 1-0

[Event "Oceania zt"]
[Site "Auckland"]
[Date "2005.01.31"]
[Round "2"]
[White "Donaldson, Bruce"]
[Black "Jones, Lee"]
[Result "0-1"]
[WhiteElo "2002"]
[BlackElo "2199"]
[PlyCount "54"]
[EventDate "2005.01.30"]
[EventType "swiss"]
[EventRounds "9"]
[EventCountry "NZL"]
[SourceTitle "CBM 104 Extra"]
[Source "ChessBase"]
[SourceDate "2005.03.01"]
[SourceVersion "1"]
[SourceVersionDate "2005.03.01"]
[SourceQuality "1"]

1. e4 e6 2. d4 d5 3. Nc3 dxe4 4. Nxe4 Bd7 5. Nf3 Bc6 6. Bd3 Nd7 7. c3 Ngf6 8. Nxf6+ Nxf6 9. 0-0 Bd6 10. Bg5 h6 11. Bh4 g5 12. Bg3 Bxg3 13. hxg3 Nd7 14. Re1 Qf6 15. Ne5 Nxe5 16. dxe5 Qe7 17. Qe2 h5 18. Rad1 h4 19. g4 0-0-0 20. Be4 Qc5 21. Bxc6 Qxc6 22. Qe3 Rxd1 23. Rxd1 b6 24. Qxg5 h3 25. f3 Qc5+ 26. Rd4 Qb5 27. Rd2 h2+ 0-1

[Event "Asia Cities-ch 14th"]
[Site "Tagaytay City"]
[Date "2004.03.24"]
[Round "6.2"]
[White "Foudzi, Sitii Zulaikha"]
[Black "Jones, Lee"]
[Result "0-1"]
[WhiteElo "2162"]
[BlackElo "2192"]
[PlyCount "144"]
[EventDate "2004.03.21"]
[EventType "team"]
[EventRounds "9"]
[EventCountry "PHI"]
[SourceTitle "CBM 099 Extra"]
[Source "ChessBase"]
[SourceDate "2004.05.04"]
[SourceVersion "1"]
[SourceVersionDate "2004.05.04"]
[SourceQuality "1"]
[WhiteTeam "Kuala Lumpur"]
[BlackTeam "Sydney"]
[WhiteTeamCountry "MAS"]
[BlackTeamCountry "AUS"]

1. e4 c6 2. d3 d5 3. Nd2 g6 4. Ngf3 Bg7 5. g3 e5 6. Bg2 Nd7 7. 0-0 Ngf6 8. Re1 dxe4 9. dxe4 0-0 10. b3 Nb6 11. Bb2 Bg4 12. h3 Bxf3 13. Nxf3 Nfd7 14. a4 Re8 15. a5 Nc8 16. Qd2 Qc7 17. Rad1 Nf8 18. Bf1 Rb8 19. Ba3 b5 20. c4 b4 21. Bxb4 c5 22. Bc3 Rxb3 23. Qc2 Rb8 24. h4 Ne6 25. Qa4 Re7 26. Bh3 Nd4 27. Nxd4 exd4 28. Bd2 Nd6 29. Bg2 Rbe8 30. Bg5 Re6 31. f3 Nb7 32. a6 Nd8 33. Kh2 Qc6 34. Qa5 Qb6 35. Qa3 Qxa6 36. Qxc5 Rc6 37. Qb5 Qxb5 38. cxb5 Rc5 39. Bxd8 Rxd8 40. Bf1 Rc2+ 41. Re2 Rc3 42. Kg2 Bf8 43. Ra2 Bc5 44. Rd3 Rc1 45. Be2 Bb6 46. Rdd2 Rdc8 47. Bd3 R8c3 48. Be2 Kf8 49. Bd3 Ke7 50. Be2 h5 51. Kh2 Kd6 52. Kg2 Rb3 53. Rab2 Rxb2 54. Rxb2 Kc5 55. Bd3 Rc3 56. Rd2 Kb4 57. g4 Rc1 58. Be2 Ka3 59. g5 Rb1 60. f4 Rb2 61. Rxb2 Kxb2 62. Kf3 Kc2 63. f5 d3 64. Bf1 d2 65. Be2 Bc7 66. Ke3 Be5 67. f6 d1Q 68. Bxd1+ Kxd1 69. Kd3 Bg3 70. Ke3 Be5 71. Kd3 Bg3 72. Ke3 Bxh4 0-1

[Event "Asia Cities-ch 14th"]
[Site "Tagaytay City"]
[Date "2004.03.24"]
[Round "5.2"]
[White "Nolte, Rolando"]
[Black "Jones, Lee"]
[Result "1-0"]
[WhiteElo "2389"]
[BlackElo "2192"]
[PlyCount "109"]
[EventDate "2004.03.21"]
[EventType "team"]
[EventRounds "9"]
[EventCountry "PHI"]
[SourceTitle "CBM 099 Extra"]
[Source "ChessBase"]
[SourceDate "2004.05.04"]
[SourceVersion "1"]
[SourceVersionDate "2004.05.04"]
[SourceQuality "1"]
[WhiteTeam "Tanauan"]
[BlackTeam "Sydney"]
[WhiteTeamCountry "PHI"]
[BlackTeamCountry "AUS"]

1. e4 c6 2. d4 d5 3. Nc3 dxe4 4. Nxe4 Bf5 5. Ng3 Bg6 6. h4 h6 7. Nf3 Nd7 8. h5 Bh7 9. Bd3 Bxd3 10. Qxd3 e6 11. Bf4 Qa5+ 12. Bd2 Qc7 13. 0-0-0 Ngf6 14. Kb1 0-0-0 15. Ne4 Nxe4 16. Qxe4 Nf6 17. Qe2 c5 18. Bc1 Bd6 19. dxc5 Bxc5 20. Ne5 Rxd1 21. Rxd1 Rd8 22. Rxd8+ Kxd8 23. f4 Bd6 24. Nd3 Qb6 25. Ne5 Qc7 26. g4 Bxe5 27. fxe5 Nd7 28. Qf2 Nb6 29. g5 hxg5 30. Qd2+ Ke8 31. Qxg5 Kf8 32. b3 Nd5 33. Ba3+ Kg8 34. h6 f6 35. exf6 Nxf6 36. Bb2 Qf7 37. hxg7 Ne8 38. Qd8 Qf1+ 39. Bc1 Qf7 40. a4 a6 41. Bb2 Qg6 42. Be5 Qh5 43. Bc3 Qf7 44. a5 Qg6 45. Qb8 Qf7 46. Qd8 Qg6 47. Kb2 Qf7 48. Bd4 Qg6 49. c4 Qh5 50. Ka3 Kh7 51. Kb4 e5 52. Qd5 Nxg7 53. Bxe5 Qe8 54. Qd3+ Kg8 55. Qg3 1-0

[Event "Begonia op 38th"]
[Site "Ballarat"]
[Date "2004.03.08"]
[Round "7"]
[White "Jones, Lee"]
[Black "West, Guy"]
[Result "0-1"]
[WhiteElo "2192"]
[BlackElo "2352"]
[PlyCount "73"]
[EventDate "2004.03.06"]
[EventType "swiss"]
[EventRounds "7"]
[EventCountry "AUS"]
[SourceTitle "EXT 2007"]
[Source "ChessBase"]
[SourceDate "2006.11.23"]
[SourceVersion "1"]
[SourceVersionDate "2006.11.23"]
[SourceQuality "1"]

1. d4 f5 2. g3 Nf6 3. Bg2 g6 4. Nf3 Bg7 5. 0-0 0-0 6. c4 d6 7. Nc3 Nc6 8. d5 Ne5 9. Nd2 g5 10. f4 gxf4 11. gxf4 Ng6 12. Qe1 c6 13. Nb3 e5 14. dxc6 bxc6 15. fxe5 dxe5 16. Be3 Qe8 17. Bc5 Rf7 18. Nb5 cxb5 19. Bxa8 Be6 20. Bg2 bxc4 21. Na5 Nf4 22. Bc6 Qc8 23. Be3 Nh3+ 24. Kh1 f4 25. Bd2 Qd8 26. e4 fxe3 27. Qxe3 Bd5+ 28. Bxd5 Qxd5+ 29. Qf3 Qxd2 30. Nxc4 Qd5 31. Rad1 Qxc4 32. Qxh3 Qc6+ 33. Kg1 Bf8 34. Qf3 e4 35. Qc3 Bc5+ 36. Kg2 e3+ 37. Kh3 0-1

[Event "Auckland op"]
[Site "Auckland"]
[Date "2003.01.31"]
[Round "9"]
[White "Jones, Lee"]
[Black "Green, Peter"]
[Result "1/2-1/2"]
[WhiteElo "2216"]
[BlackElo "2246"]
[PlyCount "39"]
[EventDate "2003.01.26"]
[EventType "swiss"]
[EventRounds "9"]
[EventCountry "NZL"]
[SourceTitle "CBM 092 Extra"]
[Source "ChessBase"]
[SourceDate "2003.03.07"]
[SourceVersion "1"]
[SourceVersionDate "2003.03.07"]
[SourceQuality "1"]

1. d4 d5 2. c4 c6 3. e3 Nf6 4. Nf3 e6 5. Nc3 Nbd7 6. Qc2 Bd6 7. Be2 0-0 8. 0-0 b6 9. b3 Bb7 10. Bb2 Rc8 11. Rad1 Qe7 12. Qb1 Rfe8 13. Rfe1 Bb4 14. Nd2 a6 15. a4 Qf8 16. Qa1 c5 17. Na2 Ba5 18. Rf1 Qe7 19. Bf3 Ba8 20. Nc1 1/2-1/2

[Event "Auckland op"]
[Site "Auckland"]
[Date "2003.01.28"]
[Round "4"]
[White "Jones, Lee"]
[Black "Safarian, Alek"]
[Result "1-0"]
[WhiteElo "2216"]
[BlackElo "2058"]
[PlyCount "93"]
[EventDate "2003.01.26"]
[EventType "swiss"]
[EventRounds "9"]
[EventCountry "NZL"]
[SourceTitle "CBM 092 Extra"]
[Source "ChessBase"]
[SourceDate "2003.03.07"]
[SourceVersion "1"]
[SourceVersionDate "2003.03.07"]
[SourceQuality "1"]

1. c4 e6 2. Nf3 d5 3. d4 c6 4. e3 Nf6 5. Nc3 Nbd7 6. Qc2 dxc4 7. Bxc4 b5 8. Bd3 a6 9. a4 Bb7 10. 0-0 Bd6 11. e4 e5 12. d5 Rc8 13. dxc6 Bxc6 14. axb5 axb5 15. Qe2 b4 16. Nb5 Bxb5 17. Bxb5 0-0 18. Bg5 Qb6 19. Ra6 Qc7 20. Nh4 g6 21. Rd1 Bc5 22. Rc6 Qb8 23. Rxf6 Nxf6 24. Bxf6 Qb6 25. Bxe5 Rfd8 26. Rf1 Qe6 27. Nf3 g5 28. h3 h5 29. Ba6 Ra8 30. Bc4 Qe7 31. Bg3 Rac8 32. Ne5 Bd4 33. Bxf7+ Kg7 34. Qxh5 Rd6 35. Ng4 Ra6 36. Ne3 Qxf7 37. Nf5+ Kf6 38. e5+ Bxe5 39. Bxe5+ Ke6 40. Nd4+ Ke7 41. Qxg5+ Kf8 42. Qf5 Qxf5 43. Nxf5 Ra5 44. f4 Rc2 45. Nd4 Rc4 46. b3 Rc8 47. Bd6+ 1-0